NCAA Institutions in Oklahoma - Statistics

General Stats
  • This quiz has been taken 28 times
  • The average score is 8 of 15
Answer Stats
Conference School Team Name % Correct
Division I SEC Oklahoma Sooners
93%
Division I Big 12 Oklahoma State-Stillwater Cowboys
93%
Division I The American Tulsa Golden Hurricane
93%
Division II MIAA Central Oklahoma Bronchos
67%
Division I Summit Oral Roberts Golden Eagles
60%
Division II Great American Southwestern Oklahoma State Bulldogs
60%
Division II Great American Oklahoma Baptist Bison
53%
Division II Great American East Central Tigers
40%
Division II MIAA Northeastern State RiverHawks
40%
Division II MIAA Rogers State Hillcats
40%
Division II Great American Southeastern Oklahoma State Savage Storm
40%
Division II Great American Northwestern Oklahoma State Rangers
33%
Division II Lone Star Oklahoma Christian Eagles
33%
Division II Lone Star Cameron Aggies
27%
Division II Great American Southern Nazarene Crimson Storm
27%
No matching quizzes found
Score Distribution
Percent of People with Each Score
Percentile by Number Answered
Your Score History
You have not taken this quiz